Sports Quiz

Random Sports or Football Quiz

Stevenage's Highest Scorers Quiz Stats

Quiz not verified by Sporcle

Challenge
Share
Tweet
Embed
Score 0/24 Timer 10:00
0 Plays Today
Goals Player % Correct
89Steve Morison
95.7%
27Mark Roberts
81.4%
68Barry Hayles
78.6%
31George Boyd
74.3%
22Michael Bostwick
67.1%
23Scott Laird
62.9%
209Martin Gittings
60%
22Mitchell Cole
60%
30Mark Smith
58.6%
22Chris Beardsley
58.6%
56Anthony Elding
57.1%
38Dino Maamria
54.3%
Goals Player % Correct
59Carl Alford
42.9%
23Lee Boylan
35.7%
44Gary Crawshaw
34.3%
43Neil Trebble
32.9%
21Jon Nurse
27.1%
21Darryn Stamp
24.3%
35Corey Browne
20%
52Shaun Marshall
15.7%
47Ricky Marshall
14.3%
20Dave Brown
14.3%
36Rob McComb
1.4%
28Shaun Debnam
1.4%

You're not logged in!

Compare scores with friends on all Sporcle quizzes.
Join for Free
OR
Log In

You Might Also Like...

Show Comments

Extras

Top Quizzes Today


Score Distribution

Your Account Isn't Verified!

In order to create a playlist on Sporcle, you need to verify the email address you used during registration. Go to your Sporcle Settings to finish the process.

Report this User

Report this user for behavior that violates our Community Guidelines.

Details: